000 00892nam a2200205 i 4500
001 164260
003 ES-MaACL
005 20230906212913.0
008 990216s1870 sp |||| | spa d
040 _aCCPB | B
_bspa
_cCCPB | B
100 1 _aSáenz Díez, Manuel.
_9101327
245 1 0 _aAnálisis de las aguas sulfuro-salino-alcalinas de Zaldivar (Zaldua) en la provincia de Vizcaya /
_cpor Manuel Saenz Diez.
260 _aMadrid :
_b[s.n.],
_c1870 (
_fImprenta y Estereotipia de M. Rivadeneyra)
300 _a59 p. ;
_c22 cm.
530 _aDisponible también en sitio web.
650 _aAguas minerales-
_zPaís Vasco.
_9172296
852 _aES-MaACL
_jT-341-F-1
_z-- Enc. hol.
_z-- Enc. en un vol. facticio
852 _aES-MaACL
_jT-364-F-11
856 _uhttp://bibliotecadigitalhispanica.bne.es:80/webclient/DeliveryManager?pid=1833602&custom_att_2=simple_viewer
_zIr a la página
999 _c164260
_d164260